000 00680aam a2200289 4500
005 20240523152235.0
008 150821b xxu||||| |||| 00| 0 spa d
020 _a9786074384420
041 _aESP
082 _a745.926 F634b
100 _aFlores Estrada, Karina
245 _aLa boda perfecta
260 _aMéxico
260 _bNueva imagen
260 _c2012
300 _a72 páginas
650 _aBODAS
650 _aMATRIMONIO
650 _aPLANEACIÓN DE LA BODA
650 _aARREGLOS FLORALES
650 _aDECORACIÓN
650 _aRECEPCIÓN
650 _aCEREMONIA RELIGIOSA
650 _aCEREMONIA CIVIL
942 _cBK
_2ddc
999 _c600
_d600